Statistics for US Top-Level Administrative Divisions

Click here to take the quiz!

General Stats

  • This quiz has been taken 18 times
  • The average score is 44 of 50

Answer Stats

Top-Level Administrative Divisions% Correct
Illinois
100%
New York
100%
Alabama
92%
Alaska
92%
Arizona
92%
Arkansas
92%
Connecticut
92%
Delaware
92%
Georgia
92%
Hawaii
92%
Idaho
92%
Iowa
92%
Michigan
92%
Mississippi
92%
Missouri
92%
Montana
92%
New Hampshire
92%
New Mexico
92%
North Dakota
92%
Oregon
92%
Rhode Island
92%
Texas
92%
Vermont
92%
Washington
92%
Wyoming
92%
California
85%
Florida
85%
Indiana
85%
Kansas
85%
Kentucky
85%
Louisiana
85%
Maryland
85%
Massachusetts
85%
Minnesota
85%
Nebraska
85%
Nevada
85%
New Jersey
85%
North Carolina
85%
Ohio
85%
Oklahoma
85%
Pennsylvania
85%
South Carolina
85%
South Dakota
85%
Tennessee
85%
Utah
85%
Virginia
85%
West Virginia
85%
Wisconsin
85%
Colorado
77%
Maine
77%

Score Distribution

Percentile by Number Answered

Percent of People with Each Score

Your Score History

You have not taken this quiz